Sports Quiz

Random Sports or MLB Quiz
Score 0/11 Timer 07:00
0 Plays Today
HR Batter % Correct
755Hank Aaron
100%
287Garret Anderson
83.1%
210Brady Anderson
83.1%
351Dick Allen
77.4%
332Moises Alou
55.6%
336Joe Adcock
52.4%
288Bobby Abreu
46.8%
210Roberto Alomar
41.9%
256Bob Allison
41.1%
238Earl Averill
33.9%
251Tony Armas
28.2%

You're not logged in!

Compare scores with friends on all Sporcle quizzes.
OR
Log In

Sporcle TV

Today on Sporcle TV


Watch our educational content, quiz creation guides, and fun videos on Sporcle TV.

Show Comments

Extras

Top Quizzes Today


Score Distribution

Paid Content

Your Account Isn't Verified!

In order to create a playlist on Sporcle, you need to verify the email address you used during registration. Go to your Sporcle Settings to finish the process.

Report this User

Report this user for behavior that violates our Community Guidelines.

Details: